<?xml version="1.0" encoding="UTF-8"?>
<collection xmlns="http://www.loc.gov/MARC21/slim">
    <record>
        <controlfield tag="001">74792</controlfield>
        <controlfield tag="005">20180822120534.0</controlfield>
        <datafield tag="037" ind1=" " ind2=" ">
            <subfield code="a">GDOC-2017-69325</subfield>
        </datafield>
        <datafield tag="041" ind1=" " ind2=" ">
            <subfield code="a">spa</subfield>
        </datafield>
        <datafield tag="041" ind1=" " ind2=" ">
            <subfield code="a">eng</subfield>
        </datafield>
        <datafield tag="100" ind1=" " ind2=" ">
            <subfield code="0">(orcid)0000-0003-3130-4237</subfield>
            <subfield code="1">386227</subfield>
            <subfield code="a">FRANCISCO JOSÉ LÁZARO, OSORO</subfield>
        </datafield>
        <datafield tag="245" ind1="0" ind2="0">
            <subfield code="9">69325</subfield>
            <subfield code="a">Tecnologías de captación de imágenes médicas</subfield>
        </datafield>
        <datafield tag="242" ind1="0" ind2="0">
            <subfield code="9">69325</subfield>
            <subfield code="a">Medical imaging capture techniques</subfield>
        </datafield>
        <datafield tag="260" ind1=" " ind2=" ">
            <subfield code="a">Zaragoza</subfield>
            <subfield code="b">Universidad de Zaragoza</subfield>
            <subfield code="c">2017-2018</subfield>
        </datafield>
        <datafield tag="520" ind1=" " ind2=" ">
            <subfield code="a">Breve presentación de la asignatura
La imagen médica constituye uno de los procedimientos más importantes de representación de la información tanto en el diagnóstico y tratamiento como en el estudio de los mecanismos de enfermedad. Se trata de un campo tecnológico muy dinámico, que cada día ofrece nuevas técnicas, o sofisticadas variaciones de las ya existentes, capaces de oportar información estructural y composicional de los tejidos biológicos con cada día mejor resolución espacial y mayor precisión analítica. Esta asignatura pretende familiarizar al estudiante con los fundamentos físicos y químicos en los que están basadas las técnicas de uso actual, pero también capacitarle para comprender con rapidez las innovaciones técnicas que vayan implementándose en el futuro.
La asignatura comporta 3 créditos ECTS y es una de las asignaturas optativas correspondientes a la materia de Tecnologías Horizontales en el módulo de especialización.
Esta asignatura constituye un elemento de formación interesante para una mejor comprensión de otras asignaturas del máster y especialmente para aquellos estudiantes que en el Proyecto Fin de Master hayan de contemplar imágenes médicas.
Esta asignatura se imparte en inglés.</subfield>
        </datafield>
        <datafield tag="521" ind1=" " ind2=" ">
            <subfield code="9">629</subfield>
            <subfield code="a">Máster Universitario en Ingeniería Biomédica</subfield>
            <subfield code="b">Master's in Biomedical Engineering</subfield>
        </datafield>
        <datafield tag="540" ind1=" " ind2=" ">
            <subfield code="a">by-nc-sa</subfield>
            <subfield code="b">Creative Commons</subfield>
            <subfield code="c">3.0</subfield>
            <subfield code="u">http://creativecommons.org/licenses/by-nc-sa/3.0/</subfield>
        </datafield>
        <datafield tag="830" ind1=" " ind2=" ">
            <subfield code="9">547</subfield>
        </datafield>
        <datafield tag="856" ind1="4" ind2=" ">
            <subfield code="s">17876</subfield>
            <subfield code="u">http://zaguan.unizar.es/record/74792/files/guia-69325-es.pdf</subfield>
            <subfield code="y">Guía (idioma español)</subfield>
        </datafield>
        <datafield tag="856" ind1="4" ind2=" ">
            <subfield code="s">8726</subfield>
            <subfield code="u">http://zaguan.unizar.es/record/74792/files/guia-69325-en.pdf</subfield>
            <subfield code="y">Guide (english)</subfield>
        </datafield>
        <datafield tag="970" ind1=" " ind2=" ">
            <subfield code="a">GDOC-2017-69325</subfield>
        </datafield>
        <datafield tag="980" ind1=" " ind2=" ">
            <subfield code="a">GDOC</subfield>
            <subfield code="b">Engineering and Architecture</subfield>
            <subfield code="b">Ingeniería y Arquitectura</subfield>
            <subfield code="c">110</subfield>
        </datafield>
    </record>

    
</collection>